Urbansation,land use,land degradation and environment (Record no. 14)

MARC details
000 -LEADER
fixed length control field 00410nam a22001577a 4500
003 - CONTROL NUMBER IDENTIFIER
control field OSt
005 - DATE AND TIME OF LATEST TRANSACTION
control field 20210811112728.0
008 - FIXED-LENGTH DATA ELEMENTS--GENERAL INFORMATION
fixed length control field 210811b |||||||| |||| 00| 0 eng d
020 ## - INTERNATIONAL STANDARD BOOK NUMBER
International Standard Book Number 9788170357117
040 ## - CATALOGING SOURCE
Transcribing agency Hu
082 ## - DEWEY DECIMAL CLASSIFICATION NUMBER
Classification number 307.76,URB
245 ## - TITLE STATEMENT
Title Urbansation,land use,land degradation and environment
260 ## - PUBLICATION, DISTRIBUTION, ETC.
Place of publication, distribution, etc. India
Name of publisher, distributor, etc. Daya publishing house
Date of publication, distribution, etc. 2011
300 ## - PHYSICAL DESCRIPTION
Extent viii,445p,26cm
Other physical details ill
942 ## - ADDED ENTRY ELEMENTS (KOHA)
Source of classification or shelving scheme Dewey Decimal Classification
Koha item type Books like text book referance book
Suppress in OPAC No
Holdings
Withdrawn status Lost status Source of classification or shelving scheme Damaged status Not for loan Home library Current library Date acquired Total Checkouts Full call number Barcode Date last seen Copy number Price effective from Koha item type Shelving location
    Dewey Decimal Classification     Law & Governance lLbrary Law & Governance lLbrary 08/11/2021   307.76/URB LGLIB0001172 08/11/2021 C1 08/11/2021 Books like text book referance book  
    Dewey Decimal Classification     Law & Governance lLbrary Law & Governance lLbrary 09/14/2021   307.76/URB LGCLIB0000318 09/14/2021 C1 09/14/2021 Books like text book referance book General Stacks